| 000 | 00575nam a22001937a 4500 | ||
|---|---|---|---|
| 005 | 20180621110624.0 | ||
| 010 | _aENG-123264 | ||
| 020 |
_a9788185990958 _c300.00 |
||
| 035 | _aEN-106796 | ||
| 037 | _bDBAD/PUB | ||
| 082 | _a320.9540904 | ||
| 100 | _aElst, Koenraad | ||
| 245 |
_aNegationism in India: _cby Koenraad Elst _bconcealing the record of Islam/ |
||
| 260 |
_aNew Delhi _bVoice of India _c2014 |
||
| 270 |
_a2/18, Ansari Road, _bNew Delhi |
||
| 300 |
_a243p. _c21cm(pbk) |
||
| 500 | _aIt includes index | ||
| 942 |
_2ddc _cEN _mELS _h320.9540904 |
||
| 999 |
_c152881 _d152881 |
||